| 000 | 01104nam0a22002771 4500 | ||
|---|---|---|---|
| 001 | rc\555459 | ||
| 005 | 20030616170308.1 | ||
| 035 | _a(NLR Aleph) 005790965 | ||
| 090 |
_a5196270 _c5196270 |
||
| 100 | _a20030616d1988 u |0rusy50 ca | ||
| 101 | 0 | _arus | |
| 102 | _aRU | ||
| 105 | _ay ||||||||| | ||
| 200 | 1 |
_aПараметрическое возбуждение волн в слое плазменно-молекулярной среды _fП.К. Голубинский, А.Г. Загородний, И.П. Якименко |
|
| 210 |
_aКиев _cИТФ _d1988 |
||
| 215 |
_a24 с. _d21 |
||
| 225 | 1 |
_aПрепринт _fАН УССР, Ин-т теорет. физики _vИТФ-88-146Р |
|
| 320 | _aБиблиогр.: с. 23-24 (14 назв.) | ||
| 700 | 1 |
_aГолубинский _bП. К. _gПетр Константинович |
|
| 701 | 1 |
_aЗагородний _bА. Г. _gАнатолий Глебович |
|
| 701 | 1 |
_aЯкименко _bИ. П. _gИван Петрович |
|
| 801 | 0 |
_aRU _bNLR _gpsbo |
|
| 801 | 1 |
_aRU _bELAR _2rusmarc |
|
| 852 |
_aNLR _j88-4/27714 |
||
| 942 | _cBOOK | ||
| 980 | _aNB | ||